Firmy a kapitálový trh

Svet firiem očami slovenských a českých médií. Kapitálový trh: Vďaka modernej technológii vyváža PT Žilina 80 perc. produkcie. Penzijné fondy sú vo svete bežné, Slovensko na ne iba čaká. Kapitálové trhy sa internacionalizujú. Elektrolux na slovenskom trhu.

Gespeichert in:
Bibliographische Detailangaben
Format: Buchkapitel
Sprache:Slowakisch
Schlagworte:
Tags: Tag hinzufügen
Keine Tags, Fügen Sie das erste Tag hinzu!

MARC

LEADER 00000naa a2200000 4500
001 r020397
005 20221205102930.6
041 0 |a slo 
044 |a SK 
245 1 0 |a Firmy a kapitálový trh 
520 |a Svet firiem očami slovenských a českých médií. Kapitálový trh: Vďaka modernej technológii vyváža PT Žilina 80 perc. produkcie. Penzijné fondy sú vo svete bežné, Slovensko na ne iba čaká. Kapitálové trhy sa internacionalizujú. Elektrolux na slovenskom trhu. 
610 2 0 |a firmy 
610 2 0 |a technológie nové 
610 2 0 |a PT, a.s. Žilina 
610 2 0 |a priemysel papiernický 
610 2 0 |a fondy penzijné 
610 2 0 |a Slovensko 
610 2 0 |a trh kapitálový 
610 2 0 |a internacionalizácia